000 005300000a22001570004500
003 MACL
005 20180117120754.0
008 180117b xxu||||| |||| 00| 0 eng d
040 _cmacl
100 _a चंचरीक,के.एल.
_970065
245 _aविश्‍व की प्राचीन सभ्‍यताएं
260 _aदिल्‍ली
_b यूनिवर्सिटी पब्लिकेशन
_c2011
350 _a950
650 _a- इतिहास,
_970066
942 _cHIN
_k900
_2ddc
999 _c48077
_d48077